00781 a2200217 4500003000500000005001700005020001500022040000900037082001900046100002100065245010400086250002100190260003700211300002500248505007600273600002100349650003400370942001200404999001900416952012800435Nust20221202183851.0 a9812141251 cNust a621.381528,BPB aA......Z9104059 aUp-to-date world's transistors-diodes-thyristors & IC 's comparison tables a.....zbVolume-1 /cBPB anew 2003 edition aBPB PublicationbNew Delhic2003 a1074 pbillusc24 cm aComparison Table Reference Table (Page-2), Pin Assignments (Page-1074). aA......Z9104059 aTelecommunication Engineering 2ddccBK c182297d182297 00102ddc4070aMCSbMCScGENd2016-12-12o621.381528,BPBpMCS30315r2016-12-08w2016-12-12yBKzAlmirah No.34, Shelf No.1